The Yellow Fairy Book (Record no. 229991)
[ view plain ]
| 000 -LEADER | |
|---|---|
| fixed length control field | 01848cam a22002533a 4500 |
| 001 - CONTROL NUMBER | |
| control field | 640 |
| 003 - CONTROL NUMBER IDENTIFIER | |
| control field | PGUSA |
| 005 - DATE AND TIME OF LATEST TRANSACTION | |
| control field | 20140828082951.0 |
| 008 - FIXED-LENGTH DATA ELEMENTS--GENERAL INFORMATION | |
| fixed length control field | 960801s1996||||xxu|||||s|||||000 | eng d |
| 040 ## - CATALOGING SOURCE | |
| Original cataloging agency | PGUSA |
| Language of cataloging | eng |
| 042 ## - AUTHENTICATION CODE | |
| Authentication code | dc |
| 050 #4 - LIBRARY OF CONGRESS CALL NUMBER | |
| Classification number | PZ |
| 100 1# - MAIN ENTRY--PERSONAL NAME | |
| Personal name | Lang, Andrew, |
| Dates associated with a name | 1844-1912 |
| 245 14 - TITLE STATEMENT | |
| Title | The Yellow Fairy Book |
| Medium | [electronic resource] / |
| Statement of responsibility, etc | Andrew Lang |
| 260 ## - PUBLICATION, DISTRIBUTION, ETC. (IMPRINT) | |
| Name of publisher, distributor, etc | Project Gutenberg, |
| Date of publication, distribution, etc | 1996 |
| 505 0# - FORMATTED CONTENTS NOTE | |
| Formatted contents note | The cat and the mouse in partnership -- The six swans -- The dragon of the North -- Story of the emperor's new clothes -- The golden crab -- The iron stove -- The dragon and his grandmother -- The donkey cabbage -- The little green frog -- The seven-headed serpent -- The grateful beasts -- The giants and the herd-boy -- The invisible prince -- The crow -- How six men travelled through the wide world -- The wizard king -- The nixy -- The glass mountain -- Alphege, or The green monkey -- Fairer-than-a-fairy -- The three brothers -- The boy and the wolves, or The broken promise -- The glass axe -- The dead wife -- In the land of souls -- The white duck -- The witch and her servants -- The magic ring -- The flower queen's daughter -- The flying ship -- The snow-daughter and the fire-son -- The story of King Frost -- The death of the sun-hero -- The witch -- The hazel-nut child -- The story of Big Klaus and Little Klaus -- Prince Ring -- The swineherd -- How to tell a true princess -- The blue mountains -- The tinder-box -- The witch in the stone boat -- Thumbelina -- The nightingale -- Hermod and Hadvor -- The steadfast tin-soldier -- Blockhead Hans -- A story about a darning-needle. |
| 506 ## - RESTRICTIONS ON ACCESS NOTE | |
| Terms governing access | Public domain in the USA. |
| 516 ## - TYPE OF COMPUTER FILE OR DATA NOTE | |
| Type of computer file or data note | Electronic text |
| 653 ## - INDEX TERM--UNCONTROLLED | |
| Uncontrolled term | Folklore |
| 653 ## - INDEX TERM--UNCONTROLLED | |
| Uncontrolled term | Fairy tales |
| 830 #0 - SERIES ADDED ENTRY--UNIFORM TITLE | |
| Uniform title | Project Gutenberg |
| Volume number/sequential designation | 640 |
| 856 40 - ELECTRONIC LOCATION AND ACCESS | |
| Uniform Resource Identifier | <a href="http://www.gutenberg.org/ebooks/640">http://www.gutenberg.org/ebooks/640</a> |
| 942 ## - ADDED ENTRY ELEMENTS (KOHA) | |
| Koha item type | eBooks |
| Withdrawn status | Lost status | Damaged status | Home library | Current library | Date acquired | Total Checkouts | Date last seen | Price effective from | Koha item type |
|---|---|---|---|---|---|---|---|---|---|
| Project Gutenberg | Project Gutenberg | 08/28/2014 | 08/28/2014 | 08/28/2014 | eBooks |